شری مد بھگوت گیتا / (Record no. 195620)

MARC details
000 -LEADER
fixed length control field 00635nam a22001937a 4500
005 - DATE AND TIME OF LATEST TRANSACTION
control field 20230410095357.0
010 ## - LCCN (DPL NO)
LC control number UR-11915
020 ## - INTERNATIONAL STANDARD BOOK NUMBER
Terms of availability 500.0
035 ## - SYSTEM CONTROL NUMBER
System control number U-10470
037 ## - SOURCE OF ACQUISITION
Source of stock number/acquisition DBAD/PUB
082 ## - DEWEY DECIMAL CLASSIFICATION NUMBER
Classification number 230.1
100 ## - MAIN ENTRY--PERSONAL NAME
Personal name کول ، سروانند پریمی
245 ## - TITLE STATEMENT
Title شری مد بھگوت گیتا /
Statement of responsibility, etc سروانند کول پریمی
246 ## - VARYING FORM OF TITLE
Title proper/short title Shrimad Bhagvad Gita /
Remainder of title by Sarwanand Kaul Premi
260 ## - PUBLICATION, DISTRIBUTION, ETC. (IMPRINT)
Place of publication, distribution, etc ني دہلی
Name of publisher, distributor, etc راجند ر پریمی
Date of publication, distribution, etc 2009 ء
270 ## - ADDRESS
Address 172 ای ، سریتا وہار
City ني دہلی
Postal code 110076
300 ## - PHYSICAL DESCRIPTION
Extent 326ص
Dimensions 22cm(Hb)
942 ## - ADDED ENTRY ELEMENTS (KOHA)
Source of classification or shelving scheme Dewey Decimal Classification
Item type Urdu Bks
Classification part 230.1
Call number suffix ک و ل
Holdings
Withdrawn status Lost status Not for loan Collection code Home library Current library Date acquired Source of acquisition Cost, normal purchase price Full call number Barcode Copy number Cost, replacement price Koha item type
      Non-fiction Sarojini Nagar Sarojini Nagar 10/04/2023 DBAD/PUB 500.00 230.1 ک و ل U-10470 1 500.00 Urdu Bks

© Delhi Public Library
Hit Counter
free hit counter